LDR 00752naa#a2200217#i#450# 001 EN\INFRA-M\bibl\123034 005 20260513173544.3 011 ## _a1998-1740 100 ## _a20260430b2026####ek#y0engy0150####ca 102 ## _aRU 200 1# _aThe Phenomenon of Tutoring in Modern Russian Education _eJournal article 210 1# _aMoscow _cINFRA-M Academic Publishing LLC. _d2026 215 ## _a6 с. 608 ## _aJournal article _2local 675 ## _aВоспитание и обучение с учетом индивидуальных особенностей. Консультирование. 37.04 _z 700 #1 _aFedorova _gO. M. 700 #1 _aRadkevich _gE. V. 700 #1 _aLappo _gE. L. 700 #1 _aGarskaya _gE. S. 700 #1 _aRuzh'ev _gV. A. 856 4# _anaukaru.ru _u